000 00846nam a2200241Ia 4500
003 OSt
005 20220926022302.0
006 a|||||r|||| 00| 0
007 ta
008 220923b |||||||| |||| 00| 0 eng d
037 _cGeneral Book
040 _aRTL
_cRTL
_beng
041 _2eng
_aeng
082 _aX:54.1N45.N94s, N4/UN
110 _aUNITED NATIONS. ECONOMIC AND SOCIAl INFORMATION POLICY ANALYSIS (Department of--)
_9327611
245 0 _aCommodity trade statistics, 1993.
260 _aNew York
_bUnited Nations India
_c1984
300 _a259P.
_ccm.
500 _aStatistical papers series D, vol.xliii, no. 1-25
700 _aUNITED NATIONS. ECONOMIC AND SOCIAl INFORMATION POLICY ANALYSIS (Department of--)
_9327612
942 _hX:54.1N45.N94s, N4/UN
_cGB
_2CC
999 _c639101
_d639101